000
00310nam a2200109Ia 4500
008
171211s9999 xx 000 0 und d
245
_a
Pass! No Puppy Guarding!
245
_c
Lindsay Little and Seth Little
260
_c
2016
650
_x
HobbieHobbiess
856
_u
http://down.ebook777.com/062/178255100X.pdf
999
_c
350345
_d
350345